Rangeland hydrology

This book consists of the following many parts such as: interception, sremflow, and throughfall; runoff and water harvesting; erosion, sediment yield, and water quality; evaporation and traspiration; snow hydrology and snowpack management on rangelands; urban impacts on rangeland hydrology; geomorph...

Deskribapen osoa

Gorde:
Xehetasun bibliografikoak
Egile nagusia: Branson, Farrel A
Formatua: Liburua
Hizkuntza:Undetermined
Argitaratua: Dubuque, Iowa Kendall/Hunt 1981
Gaiak:
Etiketak: Etiketa erantsi
Etiketarik gabe, Izan zaitez lehena erregistro honi etiketa jartzen!
Thư viện lưu trữ: Trung tâm Học liệu Trường Đại học Cần Thơ
LEADER 00829nam a2200193Ia 4500
001 CTU_43903
008 210402s9999 xx 000 0 und d
082 |a 551.48 
082 |b B821 
100 |a Branson, Farrel A 
245 0 |a Rangeland hydrology 
245 0 |c Farrel A Branson...[et al.] 
260 |a Dubuque, Iowa 
260 |b Kendall/Hunt 
260 |c 1981 
520 |a This book consists of the following many parts such as: interception, sremflow, and throughfall; runoff and water harvesting; erosion, sediment yield, and water quality; evaporation and traspiration; snow hydrology and snowpack management on rangelands; urban impacts on rangeland hydrology; geomorphology; rangeland hydrologic models. 
650 |a Hydrology 
904 |i Minh, 011015 
980 |a Trung tâm Học liệu Trường Đại học Cần Thơ